000
00426nam a2200181Ia 4500
008
100917s9999 xx 000 0 und d
082
_b
14328
100
_a
जोशी ह. न.
245
_a
कौमुदी
260
_b
---
_c
1940
300
_a
40
365
_b
0.5
520
_a
कविता
630
_a
कौमुदी
650
_a
कविता
730
_a
कौमुदी
942
_c
BOOK
999
_c
619722
_d
619719